Dibujo de bodegón (Registro nro. 30873)

Detalles MARC
000 -CABECERA
Longitud fija campo de control 01667nam a2200217 a 4500
003 - • IDENTIFICADOR DELl NÚMERO DE CONTROL
Identificador del número de control CO-ViMGA
008 - • CÓDIGOS DE INFORMACIÓN DE LONGITUD FIJA
Códigos de información de longitud fija 141112s2004 ck r 000 u spa d
040 ## - FUENTE DE LA CATALOGACIÓN
Centro catalogador de origen CO-ViMGA
Lengua de catalogación spa
Centro transcriptor CO-ViMGA
082 04 - • NÚMERO DE LA CLASIFICACIÓN DECIMAL DEWEY
Número de clasificación (R) 757.4 S155d
100 1# - • PUNTO DE ACCESO PRINCIPAL-NOMBRE DE PERSONA
Nombre de persona Sanmiguel, David
245 10 - • TITULO PROPIAMENTE DICHO
Título Dibujo de bodegón
300 ## - • DESCRIPCIÓN FÍSICA
Extensión 159
505 ## - • NOTA DE CONTENIDO CON FORMATO
Nota de contenido con formato El dibujo elemental : el dibujo de los contornos, perspectiva y perspectivas en el dibujo de los bodegones, el encaje de los objetos, encaje de los objetos sencillo y compuestos 8 - 32 - - Luz y sombra en el bodegón : Sombreado como realce del contorno de los objetos, el sombreado de las superficies, los valores, las sombras degradadas del bodegon 46 - 60 - - Formas y calidades y temas en el bodegón : La representacion de la consistencia de las cosas, La representacion del metal, el dibujo de las flores, dibujo de mancha de un tema floral, supeficies, texturas y temas en el bodegón 72 - 98 - - La composición del bodegón : La composición del bodegon, esquemas compositivos, el espacio compositivo : forma y fondo, el contraste simultaneo 100 - 122 - - Paso a paso : Ensayos para un bodegón de formas abstractas, Un bodegon a la aguada de tinta, preparativos para un dibujo de flores, el espacio y la atmósfera en un bodegón a lapiz, pequeño bodegon de jugetes, con cera 124 - 156
590 ## - NOTAS LOCALES
Nota local Forma de adquisición : Compra - - Precio : 78000 - - Proveedor : Dismet - - Fecha de adquisición : 2008
650 14 - • PUNTO DE ACCESO ADICIONAL DE MATERIA - TÉRMINO DE MATERIA
Término de materia o nombre geográfico como elemento inicial BODEGONES - DIBUJO - ENSEÑANZAS
650 14 - • PUNTO DE ACCESO ADICIONAL DE MATERIA - TÉRMINO DE MATERIA
Término de materia o nombre geográfico como elemento inicial BODEGONES - DIBUJO - TECNICAS
650 14 - • PUNTO DE ACCESO ADICIONAL DE MATERIA - TÉRMINO DE MATERIA
Término de materia o nombre geográfico como elemento inicial DIBUJO TECNICAS
942 ## - ENTRADA DE ELEMENTOS AGREGADOS (KOHA)
Fuente de clasificaión o esquema Dewey Decimal Classification
Koha [por defecto] tipo de item LIbro
Existencias
Perdido Fuente de clasificación o esquema Estado Físico No para préstamo Forma de adquisición Localización permanente Localización actual Fecha adquisición Serie de enumeración / cronolog&íacute;a Préstamos totales Signatura completa Código de barras Fecha última consulta Número de copia Fecha del precio de reemplazo Tipo de item de Koha
  Dewey Decimal Classification     Sala General Segundo Piso Biblioteca Pública Germán Arciniegas - Villavicencio Biblioteca Pública Germán Arciniegas - Villavicencio 12/04/2015 Volumen. 1 | 11/jun/2009   757.4 S155d 22572 12/04/2015 Ej. 1 12/04/2015 LIbro









Instituto Departamental de Cultura del Meta - Red Departamental de Bibliotecas Públicas del Meta.